[Event "Ch BLR 2014 w"]
[Site "?"]
[Date "2014.01.10"]
[Round "1.1"]
[White "Kasperovich , Ekaterina"]
[Black "Malatsilava , Volha"]
[Result "1-0"]
[WhiteElo "2029"]
[BlackElo "1939"]
[PlyCount "103"]
[EventDate "2014.??.??"]

1. d4 Nf6 2. c4 d6 3. Nc3 Nbd7 4. Nf3 g6 5. g3 Bg7 6. Bg2 O-O 7. O-O e5 8. e4
exd4 9. Nxd4 Nc5 10. Nb3 Nxb3 11. axb3 Re8 12. Be3 a6 13. h3 Rb8 14. Qd2 Bd7
15. Ba7 Ra8 16. Bd4 Qc8 17. Kh2 Bc6 18. Rfe1 Rb8 19. Nd5 Bxd5 20. cxd5 c5 21.
Bc3 b5 22. Qf4 Re5 23. Bxe5 dxe5 24. Qd2 Rb6 25. Rec1 Nd7 26. b4 c4 27. b3 Bf8
28. Bf1 Qb8 29. bxc4 bxc4 30. Rxc4 Bxb4 31. Qc2 Kg7 32. Rc8 Qd6 33. Rc6 Qb8 34.
Rxa6 Rxa6 35. Bxa6 Bd6 36. Kg2 Qb4 37. Qc4 Qb8 38. Qb5 Qf8 39. Qb7 Nc5 40. Qc8
Qe7 41. Qg4 Nb3 42. Bd3 Nd4 43. Ra6 Qc7 44. Qd1 Qe7 45. Be2 Bc5 46. Qd3 Bd6 47.
Bd1 Qc7 48. Qb1 Bc5 49. Qb2 Qc8 50. Qa2 Nb5 51. Rc6 Qf8 52. Qc4 1-0

[Event "Ch BLR 2014 w"]
[Site "?"]
[Date "2014.01.10"]
[Round "1.2"]
[White "Stetsko , Lanita"]
[Black "Revo , Tatiana"]
[Result "1-0"]
[WhiteElo "2245"]
[BlackElo "2079"]
[PlyCount "79"]
[EventDate "2014.??.??"]

1. e4 c5 2. Nf3 d6 3. Bb5+ Bd7 4. Bxd7+ Qxd7 5. c4 Nf6 6. Nc3 Nc6 7. d4 cxd4 8.
Nxd4 e6 9. O-O Be7 10. Nc2 O-O 11. b3 a6 12. a4 Rfd8 13. Ne3 Qc7 14. Bb2 Ne5
15. Kh1 Qc6 16. Qc2 Rac8 17. Rae1 Qb6 18. Ba1 Nc6 19. Rb1 Nb4 20. Qe2 Qc5 21.
Rfd1 Qc6 22. Qf3 Rc7 23. Rd2 Rcd7 24. Rbd1 a5 25. h3 Na6 26. Nc2 b6 27. Nd4 Qb7
28. Qg3 g6 29. f3 Nc5 30. Rb1 h5 31. Qe1 Na6 32. Qe3 Nb4 33. Rbd1 d5 34. cxd5
exd5 35. e5 Nh7 36. e6 fxe6 37. Qxe6+ Kg7 38. Nf5+ gxf5 39. Nxd5+ Kf8 40. Nxe7
1-0

[Event "Ch BLR 2014 w"]
[Site "?"]
[Date "2014.01.10"]
[Round "1.3"]
[White "Kaliadzich , Maryia"]
[Black "Ilyuchyk , Yana"]
[Result "1-0"]
[WhiteElo "2003"]
[BlackElo "1918"]
[PlyCount "105"]
[EventDate "2014.??.??"]

1. Nf3 Nf6 2. d4 g6 3. c4 Bg7 4. Nc3 d5 5. e3 c6 6. Bd3 O-O 7. O-O Nbd7 8. b3
dxc4 9. bxc4 Nh5 10. Bb2 e5 11. Qd2 exd4 12. exd4 Nb6 13. Rfe1 Be6 14. Ne5 Qc7
15. Rac1 Nd7 16. Nxd7 Qxd7 17. d5 cxd5 18. cxd5 Bf5 19. Bb5 Qd6 20. Bc4 a6 21.
Bb3 Rfe8 22. Rxe8+ Rxe8 23. Re1 Rxe1+ 24. Qxe1 Nf6 25. h3 Qd7 26. Qe3 Ne8 27.
Ba3 Nd6 28. Na4 Nb5 29. Nb6 Qd8 30. Bc5 Bf8 31. a4 Bxc5 32. Qxc5 Nd6 33. a5 Qe7
34. Qc1 Ne4 35. Qe3 Qa3 36. Nc4 Qa1+ 37. Kh2 Nf6 38. d6 Be6 39. Nd2 Qa3 40. Qd4
Bxb3 41. Qxf6 Be6 42. Qd8+ Kg7 43. Qc7 Qa4 44. Qc3+ Kg8 45. Qe5 Qb5 46. Qd4 Qf5
47. Ne4 Qf4+ 48. g3 Qf5 49. Nf6+ Kf8 50. d7 Qxh3+ 51. Kg1 Bxd7 52. Qd6+ Kg7 53.
Nxd7 1-0

[Event "Ch BLR 2014 w"]
[Site "?"]
[Date "2014.01.10"]
[Round "1.4"]
[White "Uzlavataya , Anhelina"]
[Black "Beinenson , Katsiaryna"]
[Result "0-1"]
[WhiteElo "1913"]
[BlackElo "1990"]
[PlyCount "56"]
[EventDate "2014.??.??"]

1. Nf3 d5 2. g3 Nf6 3. Bg2 c6 4. O-O Bf5 5. d4 h6 6. c4 e6 7. Nc3 Nbd7 8. Nd2
Be7 9. e4 dxe4 10. Ndxe4 Nxe4 11. Nxe4 Nf6 12. Nc3 O-O 13. h3 Qb6 14. b3 Rad8
15. Be3 e5 16. d5 Qa5 17. Bd2 Bb4 18. Qf3 Bg6 19. a3 Be7 20. Rfe1 Qc7 21. Qe2
Bc5 22. Be3 Bd4 23. Bxd4 exd4 24. Na4 cxd5 25. cxd5 Nxd5 26. Rac1 Qd6 27. Nc5
Nc3 28. Qc4 b5 0-1

[Event "Ch BLR 2014 w"]
[Site "?"]
[Date "2014.01.11"]
[Round "2.1"]
[White "Malatsilava , Volha"]
[Black "Nevioselaya , Maria"]
[Result "1/2-1/2"]
[WhiteElo "1939"]
[BlackElo "2087"]
[PlyCount "178"]
[EventDate "2014.??.??"]

1. e4 c6 2. d4 d5 3. exd5 cxd5 4. Bd3 Nc6 5. c3 Nf6 6. Bf4 Bg4 7. Qb3 Qd7 8.
Nd2 e6 9. Ngf3 Bxf3 10. Nxf3 Bd6 11. Bxd6 Qxd6 12. Qxb7 O-O 13. O-O Rab8 14.
Qa6 Rb6 15. Qa3 Qxa3 16. bxa3 Rc8 17. Rab1 Nd7 18. Rfc1 Na5 19. Rb4 Nc6 20. Rb3
Na5 21. Rb4 Nc6 22. Rb3 g6 23. Kf1 Kf8 24. Ke2 f6 25. Kd1 e5 26. Bb5 e4 27. Nd2
Ke7 28. Nf1 Na5 29. Rb4 Nc6 30. Rb3 f5 31. Ne3 Nf6 32. g3 Rc7 33. h4 Ke6 34.
Be2 h6 35. Rcb1 Rcb7 36. Bb5 Rc7 37. Be2 Nd7 38. Rb5 Rxb5 39. Rxb5 Nb6 40. Kd2
g5 41. hxg5 hxg5 42. Rc5 Nd7 43. Rxd5 Ne7 44. Rb5 Nb6 45. c4 f4 46. gxf4 gxf4
47. Re5+ Kd7 48. Ng4 f3 49. Bf1 Nxc4+ 50. Bxc4 Rxc4 51. Rxe4 Ra4 52. Re3 Nd5
53. Rxf3 Kd6 54. Ne3 Rxd4+ 55. Kc2 Rf4 56. Rxf4 Nxf4 57. Kc3 Kc5 58. f3 Ne2+
59. Kd2 Nf4 60. Nc2 Kc4 61. Ne3+ Kd4 62. Nc2+ Kc4 63. Ke3 Ng2+ 64. Kf2 Nf4 65.
Ke3 Ng2+ 66. Kd2 Nf4 67. Ne1 Kd4 68. Nc2+ Kc4 69. Nb4 a5 70. Nc6 a4 71. Nb4 Kd4
72. Nc2+ Kc4 73. Ne3+ Kd4 74. Nd1 Nd5 75. Nb2 Nc3 76. f4 Nb1+ 77. Ke2 Ke4 78.
Nxa4 Nxa3 79. Nc5+ Kxf4 80. Kd3 Ke5 81. Kc3 Kd5 82. Nd3 Kc6 83. Kb4 Nc2+ 84.
Kb3 Nd4+ 85. Kc4 Nb5 86. a4 Nd6+ 87. Kb4 Nb7 88. Ne5+ Kb6 89. Nc4+ Ka6 1/2-1/2

[Event "Ch BLR 2014 w"]
[Site "?"]
[Date "2014.01.11"]
[Round "2.1"]
[White "Kasperovich , Ekaterina"]
[Black "Stetsko , Lanita"]
[Result "1/2-1/2"]
[WhiteElo "2029"]
[BlackElo "2245"]
[PlyCount "35"]
[EventDate "2014.??.??"]

1. d4 Nf6 2. c4 e6 3. Nc3 Bb4 4. Qc2 d6 5. Nf3 Nbd7 6. Bd2 b6 7. e4 e5 8. a3
Bxc3 9. Bxc3 Qe7 10. Bd3 O-O 11. O-O Bb7 12. Rfe1 Nh5 13. d5 g6 14. b4 c5 15.
b5 a6 16. a4 a5 17. Bd2 f6 18. Bf1 1/2-1/2

[Event "Ch BLR 2014 w"]
[Site "?"]
[Date "2014.01.11"]
[Round "2.1"]
[White "Revo , Tatiana"]
[Black "Kaliadzich , Maryia"]
[Result "1/2-1/2"]
[WhiteElo "2079"]
[BlackElo "2003"]
[PlyCount "120"]
[EventDate "2014.??.??"]

1. e4 c5 2. Nf3 Nc6 3. Bb5 g6 4. O-O Bg7 5. c3 Nf6 6. Re1 O-O 7. h3 d5 8. e5
Ne8 9. d4 cxd4 10. cxd4 Qb6 11. Nc3 Bd7 12. Bf1 e6 13. Na4 Qd8 14. Nc5 b6 15.
Nxd7 Qxd7 16. b3 Nc7 17. Ba3 Rfc8 18. Qd2 a5 19. Rac1 b5 20. Bd6 Ne8 21. Bxb5
Nxd6 22. exd6 Qxd6 23. Rc5 Nb4 24. Rec1 Rxc5 25. Rxc5 Qb6 26. Ba4 Bf8 27. Rc1
Qd8 28. Ne5 Rc8 29. Rxc8 Qxc8 30. Qf4 f5 31. Bd7 Qa6 32. Qg5 Kg7 33. Qd8 Nd3
34. Bc8 Qb5 35. a4 Qxb3 36. Qd7+ Kh6 37. Nf7+ Kh5 38. Qxe6 Qd1+ 39. Kh2 Qd2 40.
g4+ Kh4 41. Qf6+ g5 42. Qxf5 Qxf2+ 43. Qxf2+ Nxf2 44. Ne5 Bd6 45. Kg2 Bxe5 46.
dxe5 Nxh3 47. Bf5 Nf4+ 48. Kf3 h5 49. e6 hxg4+ 50. Kf2 g3+ 51. Kg1 Nh5 52. e7
Nf6 53. Bg6 d4 54. e8=Q Nxe8 55. Bxe8 d3 56. Bb5 d2 57. Be2 Kh3 58. Bf3 g4 59.
Bd1 g2 60. Be2 Kg3 1/2-1/2

[Event "Ch BLR 2014 w"]
[Site "?"]
[Date "2014.01.11"]
[Round "2.1"]
[White "Ilyuchyk , Yana"]
[Black "Uzlavataya , Anhelina"]
[Result "0-1"]
[WhiteElo "1918"]
[BlackElo "1913"]
[PlyCount "68"]
[EventDate "2014.??.??"]

1. e4 Nf6 2. e5 Nd5 3. Bc4 Nb6 4. Bb3 d6 5. Nf3 Nc6 6. exd6 cxd6 7. c3 e5 8. d4
e4 9. Ng5 d5 10. Qh5 g6 11. Qe2 h6 12. Nh3 Bxh3 13. gxh3 f5 14. Rg1 Qf6 15. a4
O-O-O 16. a5 Na8 17. a6 b6 18. Na3 Nc7 19. Nb5 Ne6 20. Bd2 Ng5 21. Bxg5 hxg5
22. Bxd5 Rxd5 23. Qc4 Rd7 24. d5 Bc5 25. dxc6 Qxc6 26. Kf1 e3 27. Nd4 exf2 28.
Rg2 Qd5 29. Qe2 Rxh3 30. Qe8+ Rd8 31. Qxg6 Qc4+ 32. Ne2 Qd5 33. Nd4 Bxd4 34.
cxd4 Qc4+ 0-1

[Event "Ch BLR 2014 w"]
[Site "?"]
[Date "2014.01.11"]
[Round "2.1"]
[White "Beinenson , Katsiaryna"]
[Black "Bogdan , Ekaterina"]
[Result "1-0"]
[WhiteElo "1990"]
[BlackElo "2043"]
[PlyCount "51"]
[EventDate "2014.??.??"]

1. d4 d5 2. Nf3 Nf6 3. Bf4 c5 4. e3 Qb6 5. Nc3 Bd7 6. dxc5 Qxb2 7. Nb5 Bxb5 8.
Qd4 Qxd4 9. Bxb5+ Nfd7 10. exd4 f6 11. Rb1 Nc6 12. c4 e6 13. cxd5 exd5 14. Bxc6
bxc6 15. Rb7 g5 16. Bg3 Bg7 17. Rc7 Kd8 18. Rxc6 Re8+ 19. Kd2 Re4 20. Rd6 Ke7
21. Rb1 f5 22. Rb7 Bxd4 23. Rdxd7+ Ke8 24. Nxg5 Rg4 25. Re7+ Kf8 26. Ne6+ 1-0

[Event "Ch BLR 2014 w"]
[Site "?"]
[Date "2014.01.12"]
[Round "3.1"]
[White "Nevioselaya , Maria"]
[Black "Beinenson , Katsiaryna"]
[Result "1-0"]
[WhiteElo "2087"]
[BlackElo "1990"]
[PlyCount "60"]
[EventDate "2014.??.??"]

1. e4 c5 2. Nf3 Nc6 3. Nc3 Nf6 4. Bc4 e6 5. Qe2 Qc7 6. d3 d6 7. h3 Be7 8. Bf4
a6 9. a4 Nd4 10. Nxd4 cxd4 11. Nb1 Qa5+ 12. Nd2 b5 13. Bb3 e5 14. Bg3 Bd7 15.
O-O bxa4 16. Bxa4 Bxa4 17. b3 Qc5 18. Rxa4 Qxc2 19. Rc4 Qa2 20. Ra4 Qc2 21. Rc4
Qa2 22. Rc7 Bd8 23. Rc6 Ba5 24. Rd1 Kd7 25. Rc4 Bc3 26. f4 Rhe8 27. fxe5 dxe5
28. Rc5 Rab8 29. Bxe5 Rb6 30. Qf2 Bxd2 1-0

[Event "Ch BLR 2014 w"]
[Site "?"]
[Date "2014.01.12"]
[Round "3.2"]
[White "Stetsko , Lanita"]
[Black "Malatsilava , Volha"]
[Result "1-0"]
[WhiteElo "2245"]
[BlackElo "1939"]
[PlyCount "55"]
[EventDate "2014.??.??"]

1. e4 e5 2. Nf3 Nc6 3. Bb5 f5 4. d3 fxe4 5. dxe4 Nf6 6. Nc3 Bc5 7. O-O d6 8.
Qd3 Qe7 9. Bg5 Bd7 10. Nd5 Qd8 11. c3 a6 12. Ba4 O-O 13. b4 Ba7 14. Bb3 Kh8 15.
a4 Qc8 16. Nxf6 gxf6 17. Bh6 Re8 18. Nh4 Be6 19. Qf3 Qd8 20. Bxe6 Rxe6 21. Nf5
Qd7 22. Bg7+ Kg8 23. Qg4 Kf7 24. Qh4 Ke8 25. Bxf6 Kf8 26. Qh6+ Kg8 27. Qg5+ Kf8
28. Nh6 1-0

[Event "Ch BLR 2014 w"]
[Site "?"]
[Date "2014.01.12"]
[Round "3.3"]
[White "Kaliadzich , Maryia"]
[Black "Kasperovich , Ekaterina"]
[Result "0-1"]
[WhiteElo "2003"]
[BlackElo "2029"]
[PlyCount "112"]
[EventDate "2014.??.??"]

1. e4 e5 2. Nf3 Nc6 3. Bc4 Bc5 4. c3 Nf6 5. d3 O-O 6. b4 Bb6 7. a4 a6 8. O-O d6
9. Nbd2 Ne7 10. Bb3 Ng6 11. Nc4 Ba7 12. Be3 Bxe3 13. fxe3 Be6 14. Qc2 c6 15.
Na5 Bxb3 16. Nxb3 Ng4 17. Rae1 f5 18. exf5 Rxf5 19. h3 Nh6 20. a5 Rf7 21. d4
Qe7 22. Qd2 Raf8 23. d5 Nf5 24. e4 Ng3 25. Rf2 Nh4 26. dxc6 bxc6 27. Re3 Qa7
28. Qd3 Nh5 29. Nxh4 Rxf2 30. Nf5 Nf4 31. Qc4+ d5 32. Qxc6 Rxg2+ 33. Kh1 Rg6
34. Qc5 Qxc5 35. Nxc5 Rf7 36. Rg3 Rxg3 37. Nxg3 d4 38. cxd4 exd4 39. e5 d3 40.
Nge4 Re7 41. e6 Nxe6 42. Nxd3 Rd7 43. Ndc5 Nxc5 44. Nxc5 Rd6 45. Kg2 Kf7 46.
Kf3 g5 47. Ke4 Kf6 48. Nb7 Re6+ 49. Kd5 Re5+ 50. Kc4 Re4+ 51. Kc5 h5 52. Nd6
Re5+ 53. Kd4 Ke6 54. Ne8 g4 55. hxg4 hxg4 56. b5 g3 0-1

[Event "Ch BLR 2014 w"]
[Site "?"]
[Date "2014.01.12"]
[Round "3.4"]
[White "Uzlavataya , Anhelina"]
[Black "Revo , Tatiana"]
[Result "1-0"]
[WhiteElo "1913"]
[BlackElo "2079"]
[PlyCount "119"]
[EventDate "2014.??.??"]

1. Nf3 Nf6 2. g3 g6 3. Bg2 Bg7 4. O-O O-O 5. d4 d6 6. c4 Nc6 7. Nc3 a6 8. h3
Rb8 9. e4 e5 10. Be3 Re8 11. Rc1 exd4 12. Nxd4 Nxd4 13. Bxd4 Be6 14. b3 b5 15.
cxb5 axb5 16. Qd3 Qd7 17. Kh2 c5 18. Bxf6 Bxf6 19. Rfd1 c4 20. bxc4 Bxc4 21.
Qd2 Bg7 22. Nd5 Qa7 23. Rc2 Ra8 24. Qf4 Qa4 25. Rcd2 Bxd5 26. Rxd5 Qxa2 27.
Rxb5 Be5 28. Qd2 Rec8 29. Kg1 Rc2 30. Qe3 Re2 31. Qb6 Bxg3 32. Rf1 Bf4 33. Rb3
Ra3 34. Qd8+ Kg7 35. Rb8 Qe6 36. Qf8+ Kf6 37. h4 Qd7 38. Re8 Bh6 39. Qg8 Rea2
40. Rd8 Qe6 41. Qxh7 Bg7 42. Rg8 Ke7 43. Qxg7 Qe5 44. Qf8+ Kf6 45. Qd8+ Qe7 46.
Rd1 Ra1 47. Qxe7+ Kxe7 48. Rxa1 Rxa1+ 49. Kh2 Ra3 50. f3 Rd3 51. Kg3 Kf6 52.
Bf1 Rd4 53. Rc8 d5 54. exd5 Rxd5 55. Rc7 Re5 56. Bc4 Re7 57. Rxe7 Kxe7 58. Kf4
f6 59. Kg4 Kd6 60. Bf7 1-0

[Event "Ch BLR 2014 w"]
[Site "?"]
[Date "2014.01.12"]
[Round "3.5"]
[White "Bogdan , Ekaterina"]
[Black "Ilyuchyk , Yana"]
[Result "0-1"]
[WhiteElo "2043"]
[BlackElo "1918"]
[PlyCount "126"]
[EventDate "2014.??.??"]

1. e4 c5 2. Nf3 d6 3. c3 Nf6 4. Be2 g6 5. O-O Bg7 6. Re1 Nc6 7. Bf1 O-O 8. h3
e5 9. d3 Nh5 10. Bg5 f6 11. Be3 Nf4 12. d4 cxd4 13. cxd4 f5 14. exf5 Bxf5 15.
Nc3 Kh8 16. Qd2 e4 17. Bxf4 exf3 18. g4 Bc8 19. Nb5 a6 20. Nxd6 Qf6 21. Re4 Bd7
22. d5 Nd8 23. Be5 Qh4 24. Bxg7+ Kxg7 25. Qd4+ Kg8 26. Rf4 Nf7 27. Nxf7 Rxf7
28. Rxf7 Kxf7 29. Re1 Qf6 30. Re4 Qxd4 31. Rxd4 Rc8 32. Rc4 Kf6 33. Kh2 Ke5 34.
Rxc8 Bxc8 35. Kg3 Kxd5 36. Kf4 h6 37. h4 Kd4 38. g5 hxg5+ 39. Kxg5 Be6 40. a3
Bf7 41. Kf4 Bd5 42. Bh3 Kd3 43. Ke5 Bc6 44. Bf1+ Kd2 45. Bc4 Ke1 46. Bf7 Kxf2
47. Bxg6 Ke2 48. Kd4 f2 49. Bd3+ Ke1 50. h5 Be8 51. h6 Bg6 52. Bxg6 f1=Q 53. h7
Qf6+ 54. Kd5 Kd2 55. Be4 Ke3 56. Bg6 Kf4 57. b4 Kg5 58. Be4 Kh6 59. Kc5 b6+ 60.
Kc4 Kg7 61. a4 Qa1 62. Bc2 Qb2 63. Be4 Qa2+ 0-1

[Event "Ch BLR 2014 w"]
[Site "?"]
[Date "2014.01.13"]
[Round "4.1"]
[White "Kasperovich , Ekaterina"]
[Black "Uzlavataya , Anhelina"]
[Result "0-1"]
[WhiteElo "2029"]
[BlackElo "1913"]
[PlyCount "56"]
[EventDate "2014.??.??"]

1. d4 f5 2. g3 Nf6 3. Bg2 g6 4. c3 Bg7 5. Nd2 Nc6 6. Nh3 e6 7. Nf4 d6 8. d5
exd5 9. Nxd5 O-O 10. Nf3 h6 11. h4 Be6 12. Nf4 Bf7 13. O-O Qe7 14. Nd4 Nxd4 15.
cxd4 Ne4 16. Qd3 Bf6 17. Nh3 g5 18. hxg5 hxg5 19. Qb5 d5 20. Qxb7 Rfb8 21. Qc6
Kg7 22. Bxe4 fxe4 23. f4 exf3 24. Rxf3 Bxd4+ 25. Kf1 Re8 26. Ng1 Bh5 27. Rf5
Bxe2+ 28. Kg2 Qe4+ 0-1

[Event "Ch BLR 2014 w"]
[Site "?"]
[Date "2014.01.13"]
[Round "4.2"]
[White "Stetsko , Lanita"]
[Black "Kaliadzich , Maryia"]
[Result "1-0"]
[WhiteElo "2245"]
[BlackElo "2003"]
[PlyCount "115"]
[EventDate "2014.??.??"]

1. e4 c5 2. Nf3 Nc6 3. Bb5 g6 4. Bxc6 dxc6 5. h3 Bg7 6. d3 Nf6 7. Nc3 Qc7 8.
O-O e5 9. Be3 b6 10. Qc1 O-O 11. Bh6 Nh5 12. Bxg7 Kxg7 13. Qe3 Bd7 14. a3 Qd6
15. Ne2 Rae8 16. b4 f5 17. exf5 gxf5 18. bxc5 bxc5 19. Qg5+ Qg6 20. Nc3 Qxg5
21. Nxg5 Rg8 22. Rfe1 Kf6 23. h4 h6 24. Nf3 Rg4 25. g3 c4 26. Nh2 Rg7 27. dxc4
Be6 28. Nf3 e4 29. Nd4 Nxg3 30. Kh2 Nh5 31. Rg1 Reg8 32. Nxc6 Bxc4 33. Rxg7
Rxg7 34. Rg1 Rc7 35. Nb4 Ke5 36. Rg6 a5 37. Nc6+ Kf4 38. Rxh6 Kg4 39. Nd1 Kxh4
40. Ne3 Kg5 41. Rd6 Bg8 42. Nd4 f4 43. Nef5 Rh7 44. Kg1 f3 45. Kf1 Nf4 46. Ng3
Kg4 47. Ndf5 Bc4+ 48. Ke1 Ng2+ 49. Kd2 Bb5 50. Ne3+ Kh3 51. Nxe4 Rh5 52. Rg6
Kh2 53. Rg3 Nxe3 54. Kxe3 Re5 55. Rg5 Rxg5 56. Nxg5 a4 57. Nxf3+ Kh3 58. Ne5
1-0

[Event "Ch BLR 2014 w"]
[Site "?"]
[Date "2014.01.13"]
[Round "4.3"]
[White "Ilyuchyk , Yana"]
[Black "Nevioselaya , Maria"]
[Result "0-1"]
[WhiteElo "1918"]
[BlackElo "2087"]
[PlyCount "42"]
[EventDate "2014.??.??"]

1. e4 e5 2. Nc3 Nf6 3. f4 d5 4. fxe5 Nxe4 5. Nf3 Bg4 6. d3 Nxc3 7. bxc3 d4 8.
h3 Bxf3 9. Qxf3 Nc6 10. Be2 Bc5 11. Qg3 Qd5 12. Bf4 dxc3 13. Bf3 Qd4 14. Bxc6+
bxc6 15. Qf3 O-O 16. Bg3 f6 17. Kd1 fxe5 18. Qxc6 Qe3 19. Be1 Rad8 20. Qe6+ Kh8
21. Qc4 Rf2 0-1

[Event "Ch BLR 2014 w"]
[Site "?"]
[Date "2014.01.13"]
[Round "4.4"]
[White "Revo , Tatiana"]
[Black "Bogdan , Ekaterina"]
[Result "1-0"]
[WhiteElo "2079"]
[BlackElo "2043"]
[PlyCount "71"]
[EventDate "2014.??.??"]

1. e4 e6 2. d4 d5 3. Nd2 Nf6 4. e5 Nfd7 5. Bd3 c5 6. c3 Nc6 7. Ne2 cxd4 8. cxd4
f6 9. exf6 Qxf6 10. Nf3 h6 11. O-O Bd6 12. Ng3 O-O 13. Bc2 Rf7 14. Re1 Nf8 15.
Nh5 Qd8 16. Ne5 Nxe5 17. dxe5 Bc5 18. Be3 d4 19. Bf4 d3 20. Bxd3 Kh8 21. Bc2
Bxf2+ 22. Kxf2 Qb6+ 23. Kg3 g5 24. Be3 Qxb2 25. Bd4 Qb4 26. Rb1 Qa3+ 27. Rb3
Qxa2 28. Rf1 Rf5 29. Rxf5 exf5 30. e6+ Kg8 31. Nf6+ Kg7 32. Nd7+ Kg8 33. Nxf8
f4+ 34. Kf2 Kxf8 35. Bc5+ Kg8 36. Qd8+ 1-0

[Event "Ch BLR 2014 w"]
[Site "?"]
[Date "2014.01.13"]
[Round "4.5"]
[White "Malatsilava , Volha"]
[Black "Beinenson , Katsiaryna"]
[Result "1/2-1/2"]
[WhiteElo "1939"]
[BlackElo "1990"]
[PlyCount "99"]
[EventDate "2014.??.??"]

1. e4 c5 2. Nf3 Nc6 3. Bb5 g6 4. O-O Bg7 5. c3 Nf6 6. Re1 O-O 7. h3 e5 8. d4
exd4 9. cxd4 cxd4 10. e5 Nd5 11. Bg5 Qc7 12. Na3 a6 13. Bc4 Nb6 14. Rc1 d6 15.
Bf4 dxe5 16. Bg3 Nxc4 17. Nxc4 f6 18. Nxd4 Rd8 19. Qb3 Nxd4 20. Nb6+ Nxb3 21.
Rxc7 Rb8 22. axb3 Bh6 23. Re4 g5 24. Re1 Be6 25. h4 Rd6 26. Nc4 Rd3 27. hxg5
Bxg5 28. b4 Rb3 29. Nxe5 fxe5 30. Rxe5 Bd8 31. Rcc5 Rxg3 32. fxg3 Bf7 33. Kh2
Bf6 34. Re2 Rd8 35. Rc7 b5 36. Rc6 Bd4 37. Rxa6 Rd5 38. g4 Be5+ 39. g3 Bd6 40.
Ra8+ Kg7 41. Ra3 Bxb4 42. Ra7 Bc5 43. Rb7 b4 44. Kh3 Kg6 45. Rb5 b3 46. Rxb3
Kf6 47. Rf3+ Kg6 48. Rc3 Kf6 49. Rf3+ Kg6 50. Rc3 1/2-1/2

[Event "Ch BLR 2014 w"]
[Site "?"]
[Date "2014.01.14"]
[Round "5.1"]
[White "Kaliadzich , Maryia"]
[Black "Malatsilava , Volha"]
[Result "1-0"]
[WhiteElo "2029"]
[BlackElo "1939"]
[PlyCount "111"]
[EventDate "2014.??.??"]

1. d4 Nf6 2. c4 d6 3. Nc3 Nbd7 4. Bg5 h6 5. Bh4 g5 6. Bg3 Nh5 7. e3 Nxg3 8.
hxg3 Bg7 9. Bd3 c5 10. Nge2 Qa5 11. Qc2 Nf6 12. dxc5 dxc5 13. f3 Be6 14. g4
O-O-O 15. O-O-O Nd7 16. Kb1 Ne5 17. Nd5 Bxd5 18. cxd5 Kb8 19. Bf5 Qb5 20. Nc3
Qb4 21. a3 Qa5 22. Ne2 Qb6 23. Rd2 e6 24. Be4 c4 25. dxe6 Qxe3 26. Rxd8+ Rxd8
27. e7 Re8 28. Ng3 Qc5 29. Nf5 Bf6 30. Qa4 Nc6 31. Bxc6 bxc6 32. Rxh6 Qe5 33.
Qb4+ Kc7 34. Qd6+ Qxd6 35. Nxd6 Kxd6 36. Rxf6+ Kxe7 37. Rxc6 Kd7 38. Rxc4 Re5
39. Ka2 f6 40. Kb3 Re3+ 41. Ka4 Re2 42. b4 Rxg2 43. Rc5 Rd2 44. Ra5 Rd3 45.
Rxa7+ Kc8 46. Kb5 Rxf3 47. a4 f5 48. Rg7 fxg4 49. Rxg5 g3 50. Ka5 Kb7 51. b5
Ra3 52. Rg7+ Kc8 53. b6 Kb8 54. Kb5 Ka8 55. a5 Kb8 56. Rg8+ 1-0

[Event "Ch BLR 2014 w"]
[Site "?"]
[Date "2014.01.14"]
[Round "5.2"]
[White "Uzlavataya , Anhelina"]
[Black "Stetsko , Lanita"]
[Result "0-1"]
[WhiteElo "1913"]
[BlackElo "2245"]
[PlyCount "64"]
[EventDate "2014.??.??"]

1. d4 Nf6 2. c4 e6 3. Nc3 Bb4 4. f3 d5 5. a3 Bxc3+ 6. bxc3 c5 7. cxd5 Nxd5 8.
Qc2 Nc6 9. e3 O-O 10. Bd3 Nf6 11. f4 Na5 12. Nf3 c4 13. Be2 Qd5 14. O-O Qe4 15.
Qd1 b5 16. Ng5 Qg6 17. e4 Nb3 18. Rb1 h6 19. Rxb3 cxb3 20. e5 hxg5 21. exf6
gxf6 22. Bd3 Qg7 23. fxg5 fxg5 24. Qh5 Bb7 25. Rf6 Rfc8 26. Bxg5 Rxc3 27. Bg6
Rc7 28. Bd3 b2 29. Kf2 Rac8 30. Rh6 Rc2+ 31. Ke3 b1=Q 32. Bh7+ Qxh7 0-1

[Event "Ch BLR 2014 w"]
[Site "?"]
[Date "2014.01.14"]
[Round "5.3"]
[White "Bogdan , Ekaterina"]
[Black "Kasperovich , Ekaterina"]
[Result "0-1"]
[WhiteElo "2043"]
[BlackElo "2029"]
[PlyCount "72"]
[EventDate "2014.??.??"]

1. e4 e5 2. Nf3 Nc6 3. Nc3 Nf6 4. d4 exd4 5. Nxd4 Bb4 6. Nxc6 bxc6 7. Bd3 d5 8.
exd5 cxd5 9. O-O O-O 10. Bg5 c6 11. Qf3 Bd6 12. Bf4 Bg4 13. Qg3 Nh5 14. Qxg4
Nxf4 15. Rad1 Qb8 16. Qd7 Nxd3 17. Rxd3 Bxh2+ 18. Kh1 Qc7 19. Qg4 Be5 20. Ne2
f5 21. Qh5 g6 22. Qg5 Rab8 23. b3 Rbe8 24. Qd2 Qe7 25. Ng1 Bf6 26. Nf3 Qe2 27.
Qc1 Qe4 28. Rfd1 Qg4 29. c4 dxc4 30. Rd7 Rd8 31. Rxa7 c3 32. Rdd7 Rxd7 33. Rxd7
f4 34. Rc7 Qe6 35. Qxf4 Bd8 36. Ng5 Qe1+ 0-1

[Event "Ch BLR 2014 w"]
[Site "?"]
[Date "2014.01.14"]
[Round "5.4"]
[White "Nevioselaya , Maria"]
[Black "Revo , Tatiana"]
[Result "1-0"]
[WhiteElo "2087"]
[BlackElo "2079"]
[PlyCount "113"]
[EventDate "2014.??.??"]

1. e4 c5 2. Nf3 d6 3. d4 Nf6 4. Bb5+ Bd7 5. Bxd7+ Qxd7 6. Nc3 cxd4 7. Nxd4 e6
8. O-O Be7 9. Be3 O-O 10. Qe2 Nc6 11. Rad1 a6 12. a4 d5 13. Nf3 Nb4 14. exd5
Nbxd5 15. Nxd5 exd5 16. b3 Qc7 17. Nd4 Qe5 18. Qf3 Rac8 19. Bf4 Qe4 20. Qxe4
Nxe4 21. Nf5 Bf6 22. f3 Nc3 23. Rd2 b5 24. axb5 axb5 25. Nd6 Rc6 26. Re1 Bd8
27. Nb7 Bb6+ 28. Kf1 Re6 29. Be5 Rfe8 30. Nd6 Rd8 31. Nxf7 Ne4 32. Rxe4 dxe4
33. Nxd8 Rxe5 34. fxe4 Rxe4 35. g3 Ba5 36. Rd1 Kf8 37. Nc6 Bc3 38. Kf2 b4 39.
Kf3 Re6 40. Rd8+ Kf7 41. Rd7+ Ke8 42. Rd8+ Kf7 43. Nd4 Re1 44. Ne2 Bf6 45. Rb8
Be7 46. Nf4 Rf1+ 47. Ke3 Rc1 48. Rb7 Ke8 49. Nd5 Bd6 50. Rxg7 Rxc2 51. Rxh7 Rb2
52. Ke4 Rxb3 53. Nf6+ Kf8 54. Kf5 Be7 55. Nd5 Bd6 56. Kg6 Be5 57. Rf7+ 1-0

[Event "Ch BLR 2014 w"]
[Site "?"]
[Date "2014.01.14"]
[Round "5.5"]
[White "Beinenson , Katsiaryna"]
[Black "Ilyuchyk , Yana"]
[Result "1-0"]
[WhiteElo "1990"]
[BlackElo "1918"]
[PlyCount "92"]
[EventDate "2014.??.??"]

1. d4 Nf6 2. Nf3 g6 3. Bf4 Bg7 4. Nbd2 d5 5. e3 Nh5 6. Bg5 c5 7. c3 cxd4 8.
exd4 h6 9. Bh4 Nc6 10. Bg3 Nxg3 11. hxg3 Bg4 12. Be2 Qd6 13. Qb3 O-O 14. Nf1 e5
15. dxe5 Nxe5 16. O-O-O Be6 17. Nd4 Nc6 18. Nxe6 fxe6 19. f4 Rac8 20. Bd3 Nd4
21. Qxb7 Rb8 22. Qa6 Qc5 23. Qa3 Qc6 24. Nd2 Rfc8 25. Nb3 Nxb3+ 26. axb3 Bf8
27. Qa4 Qc7 28. Bxg6 Rb4 29. Qa6 Rb6 30. Qe2 Rc6 31. Bc2 Bg7 32. Qd3 d4 33. c4
e5 34. Qh7+ Kf8 35. fxe5 Qxe5 36. Rhf1+ Rf6 37. Rxf6+ Qxf6 38. Bd3 Qg5+ 39. Kc2
Ke7 40. Re1+ Kd6 41. Qe4 Qe5 42. Qg6+ Qf6 43. Qg4 Rf8 44. b4 Qf7 45. Ra1 Qb7
46. c5+ Kd5 1-0

[Event "Ch BLR 2014 w"]
[Site "?"]
[Date "2014.01.16"]
[Round "6.1"]
[White "Kaliadzich, Maryia"]
[Black "Uzlavataya, Anhelina"]
[Result "1-0"]
[WhiteElo "2003"]
[BlackElo "1913"]
[PlyCount "64"]
[EventDate "2014.??.??"]

1. Nf3 f5 2. c4 Nf6 3. g3 g6 4. Bg2 Bg7 5. O-O O-O 6. Nc3 d6 7. d4 Nc6 8. d5
Ne5 9. Nxe5 dxe5 10. Qb3 Qe8 11. c5 e6 12. Nb5 Qf7 13. d6 Ne8 14. dxc7 e4 15.
f3 exf3 16. Bxf3 Qe7 17. Bf4 a6 18. Nd6 Bd4+ 19. Kh1 Nxc7 20. Rac1 Rb8 21. Rfd1
Qf6 22. Nxf5 gxf5 23. Bxc7 Ra8 24. Bd6 Rd8 25. Bxb7 Bxb7+ 26. Qxb7 e5 27. b4
Qe6 28. Qf3 Ra7 29. Qb3 Kf7 30. Bxe5 Rad7 31. Qxe6+ Kxe6 32. c6 Kd5 1-0